000 01237nam a22002297a 4500
999 _c63947
_d63947
005 20260226145537.0
008 260226s2006 en ||||| |||| 00| 0 eng d
020 _a9780801473715 X
041 _aeng
080 _a338.2:330.14:005.591.4(520)V-83
100 _aVogel, Steven K.
_926989
245 _aJapan remodeled :
_bhow government a. industry are reforming Japanese capitalism /
_cSteven K. Vogel, ed. Peter J. Katzenstein
264 _aIthaca ; London :
_bCornell Univ. press,
_c[2006].
300 _a[12], 250, [4] p. :
_b tab. ;
_c25 cm.
440 _aCornell studies in political economy Japan business
_926990
521 _aBibliogr.: p. 225-238 a. in the text notes.
653 _aიაპონიის ეკონომიკური პოლიტიკა.
653 _aიაპონიის სამრეწველო პოლიტიკა.
653 _a იაპონური კაპიტალიზმი. კორპორაციული რეორგანიზაცია იაპონიაში. იაპონიის ეკონომიკის გარდაქმნა.
700 _aKatzenstein, Peter
_eრედაქტორი
_926984
942 _2udc
_cBK